000 00635nam a2200229Ia 4500
003 OSt
005 20220926010644.0
006 a|||||r|||| 00| 0
007 ta
008 220923b |||||||| |||| 00| 0 eng d
037 _cGeneral Book
040 _aRTL
_cRTL
_beng
041 _2eng
_aeng
082 _aU45, L8/TD
100 _aHutchinson G Evelyn
_995329
245 0 _aIntroduction to population ecology
260 _aNew Haven
_bYale University Press
_c1978
300 _axi,260p
_ccm.
650 _aRural Geography
942 _hU45, L8/TD
_cGB
_2CC
999 _c617934
_d617934